Counselling Skills For Dummies (Record no. 42813)
[ view plain ]
| 000 -LEADER | |
|---|---|
| fixed length control field | 00293nam a2200121Ia 4500 |
| 008 - FIXED-LENGTH DATA ELEMENTS--GENERAL INFORMATION | |
| fixed length control field | 241028s9999 xx 000 0 und d |
| 041 ## - LANGUAGE CODE | |
| Language code of text/sound track or separate title | eng |
| 082 ## - DEWEY DECIMAL CLASSIFICATION NUMBER | |
| Classification number | 158.3 EVA |
| 100 ## - MAIN ENTRY--PERSONAL NAME | |
| Personal name | Evans |
| 245 ## - TITLE STATEMENT | |
| Title | Counselling Skills For Dummies |
| 260 ## - PUBLICATION, DISTRIBUTION, ETC. | |
| Name of publisher, distributor, etc. | Wiley |
| Place of publication, distribution, etc. | New Dehli |
| Date of publication, distribution, etc. | 2014 |
| 300 ## - PHYSICAL DESCRIPTION | |
| Extent | 330;. P. 24 cm |
| Withdrawn status | Lost status | Damaged status | Not for loan | Home library | Current library | Shelving location | Date acquired | Cost, normal purchase price | Full call number | Barcode | Date last seen | Cost, replacement price | Price effective from | Koha item type |
|---|---|---|---|---|---|---|---|---|---|---|---|---|---|---|
| IMTN | IMTN | Rack 1-B | 07/03/2024 | 259.35 | 158.3 EVA | 33242 | 10/28/2024 | 399.00 | 10/28/2024 | Books |